000 00316nam a22001457a 4500
008 211018b ||||| |||| 00| 0 eng d
020 _a9781259675270
041 _aeng
080 _a611
082 _a611
100 _a7
101 _aANA
245 _aHuman Anatomy & Physiology
_cKinley,M.M
942 _2udc
_cBK
999 _c58254
_d58254